| 000 | 00741cab a2200241 4500 | ||
|---|---|---|---|
| 001 | ABS52395 | ||
| 008 | 090401t1995 xxu||||| |||| 00| 0 eng d | ||
| 035 | _a(Sirsi) u75847 | ||
| 041 | _aeng | ||
| 100 | _aBirkbeck, D. | ||
| 245 | _aBalfour`s cultural revolution | ||
| 260 | _c1995 | ||
| 350 | _a0 | ||
| 490 |
_aBuilding _v260(7884) 17 March 1995, 22-23(2) |
||
| 520 | _aLooks forward to anticipated commercial and structural changes at Balfour Beatty following the appointment of Alan Jones as chief executive at BICC. | ||
| 650 | _aBALFOUR BEATTY | ||
| 650 | _aCONSTRUCTION COMPANIES | ||
| 650 | _aNEW ENGINEERING CONTRACT | ||
| 650 | _aPRIVATE FINANCE | ||
| 690 | _aBUILT ENVIRONMENT | ||
| 942 | _n0 | ||
| 948 | _c04/03/1997 | ||
| 999 |
_c47714 _d47714 |
||